| 000 | nam a22 a 4500 | ||
|---|---|---|---|
| 999 |
_c6471 _d6471 |
||
| 003 | BLK | ||
| 005 | 20230221094026.0 | ||
| 008 | 180412b bul|||||r ||||||| ||bul|| | ||
| 010 | _aKNG00007712000 | ||
| 020 | _a954-484-002-8 | ||
| 020 | _a954-484-003-6 | ||
| 040 | _aBLK | ||
| 041 |
_aBUL _cBUL |
||
| 080 |
_aПаметници на културата на историческите периоди. Археологическите паметници. Старини _b904 _x(234.423.7) _z904(234.423.7) |
||
| 080 |
_aСтара и антична история _b931 _z931 |
||
| 080 |
_aЗвезди и звездни системи. Вселена - Космически лъчи, междузвездно пространство, Галактика, Млечен път, космология, извънгалактически системи _b524 _z524 |
||
| 100 | 1 |
_aМутафчиев, Кръстю _eпърви автор _9245370 |
|
| 139 |
_aМутафчиев, Кръстю _bМ 96 |
||
| 245 | 1 | 0 |
_a[Хомо Сапиенс] Homo Sapiens за произхода на Homo Sapiens _bИзследване : Ч. 1 - _cКръстю Мутафчиев. _nЧ. 1 _pИсторическа справка |
| 257 | _aBGR | ||
| 260 |
_bГуторанов и син _c1992 - _fВраца : Полипринт _aСофия |
||
| 300 | _c20 см | ||
| 380 | _a9 | ||
| 490 |
_aМистерии _9202820 |
||
| 650 | 4 |
_aАрхеологически паметници - Странджански край _9245371 |
|
| 650 | 4 |
_aИстория, стара _9245372 |
|
| 650 | 4 |
_aИзвънземни цивилизации _9242018 |
|
| 650 | 4 |
_aНаука и религия _9250298 |
|
| 650 | 4 |
_aЧовек - произход и еволюция _9251506 |
|
| 651 | 4 |
_aСтранджа _9179610 |
|
| 653 | _aчовек | ||
| 653 | _aпроизход на живота | ||
| 760 | 1 |
_aМутафчиев, Кръстю _dШери М, 1992 _h184 с. : със сх. _nДоп. тир. 1995. _tЧ. 1 Историческа справка |
|
| 852 |
_aЦб 168435 _bЦб |
||
| 856 | 4 |
_qpdf _u _i0.00 _ldisable |
|
| 856 | 4 |
_qpdf _u _i0.00 _ldisable |
|
| 942 |
_cKNG _n0 _05 _s1 |
||
| 944 |
_aCR _c28.03.2003 _kВиолета_Тройчева |
||
| 944 |
_aED _c24.02.2011 |
||
| 999 | _d6471 | ||